00806pam a2200241 a 4500001000500000005001700005020002200022040001800044050002300062082001400085100002500099245010000124260003700224300004100261500002200302505000600324520011500330521001800445521001800463650001900481650002200500700004200522180120231002130514.0 a0064406768 (pbk.) aDLCcDLCdDLC00aPZ7.B1985bSg 199700a[Fic]2201 aBall, Duncan,d1941-10aSelby speaks :bmore adventures of a talking dog /cby Duncan Ball ; illustrated by M.K. Brown. aNew York :bHarperTrophy,c1997. a100 pages :billustrations ;c20 cm. aSequel to: Selby. aK aSelby the talking dog continues his exploits and adventures while still attempting to keep his skill a secret. a560 bLexile aK bRaz-Plus 1aDogsxFiction. 1aHumorous stories.1 aBrown, M. K.q(Mary K.),eillustrator